000 00320nam a2200133Ia 4500
008 260604s9999 xx 000 0 und d
020 _a9788198096463
082 _a001.4 PAN
100 _aPANDEY
_935284
245 0 _aRESEARCH METHODS & LEGAL WRITING
260 _bDPS
500 _aResearch, Legal Writing
942 _cBK
999 _c8130
_d8130